000 00733nam a2200193Ii 4500
003 JO-AjNU
008 230605s9999||||xx |||||||||||||| ||und||
040 _aJO-AjNU
_bara
_erda
_cJO-AjNU
041 _aara
050 1 4 _aDS126.M3464 1989
100 3 _aمحافظة، علي,
_eauthor
_950609
245 0 0 _aالفكر السياسي في فلسطين من نهاية الحكم العثماني حتى نهاية الانتداب البريطاني 1918-1948
264 3 1 _aعمان: مركز الكتب الاردني، 1989
300 _a386ص
336 _atext
_btxt
_2rdacontent
337 _aunmediated
_bn
_2rdamedia
338 _avolume
_bnc
_2rdacarrier
650 4 _aاحزاب سياسية- فلسطين-تاريخ
_950610
999 _aA22304
_c25872
_d25872